000 01107nam a22003737a 4500
001 BR7804539
003 BR-BrBNA
005 20230928085652.0
007 ta
008 230509b bl.||||| |||| 00| 0 por d
040 _aBR-BrBNA
_bpor
_cBiblioteca Nacional de Agricultura
041 _a(Por)
072 _aE70; S00; S30
_b0150
_b1410
_b9410
_b/G514
090 _ 0150 BR7804539
100 1 _aCampino, A.C.C.
100 1 _aCyrillo, D.C.
100 1 _aFernandes, M.H. dos S.
110 1 _aFundacao Instituto de Pesquisas Economicas, Sao Paulo, SP (Brasil)
_94955
245 1 _aProducao e comercializacao de alimentos basicos [Arroz; Oryza sativa; Feijao; Phaseolus vulgaris; Leite; Brasil]
_bRelatorio final
260 3 _aSao Paulo, SP (Brasil):
_c1978.
300 _a143 p.
500 _a80 tables; 39 ref.
650 _aComercializacao
650 _aNutricao humana
650 _aAlimentacao
650 _aArroz
650 _aFeijao
650 _aLeite
650 _aAbastecimento
650 _aConsumo
650 _aPreco
909 _a202309
_bLucia
_c55
_dLucia Elande
942 _cBK
999 _c25688
_d25688